Welcome to WEB OPAC of MRSPTU Central Library

Calculus of Variations with Applications (Record no. 6755)

MARC details
000 -LEADER
fixed length control field 00426nam a2200169Ia 4500
008 - FIXED-LENGTH DATA ELEMENTS--GENERAL INFORMATION
fixed length control field 230711s9999||||xx |||||||||||||| ||und||
020 ## - INTERNATIONAL STANDARD BOOK NUMBER
International Standard Book Number 978-81-203-1120-6
041 ## - LANGUAGE CODE
Language code of text/sound track or separate title ENG
082 ## - DEWEY DECIMAL CLASSIFICATION NUMBER
Classification number 517.4
Item number GU-C
100 ## - MAIN ENTRY--PERSONAL NAME
Personal name Gupta,A.S
245 #0 - TITLE STATEMENT
Title Calculus of Variations with Applications
250 ## - EDITION STATEMENT
Edition statement 1st Ed.
260 ## - PUBLICATION, DISTRIBUTION, ETC.
Date of publication, distribution, etc. 2017
Place of publication, distribution, etc. New Delhi
Name of publisher, distributor, etc. PHI Learning Private Limited
300 ## - PHYSICAL DESCRIPTION
Extent 242p.
650 ## - SUBJECT ADDED ENTRY--TOPICAL TERM
Topical term or geographic name entry element Mathematics
942 ## - ADDED ENTRY ELEMENTS (KOHA)
Koha item type Book
Holdings
Withdrawn status Lost status Damaged status Not for loan Collection Home library Current library Date acquired Source of acquisition Cost, normal purchase price Inventory number Total checkouts Full call number Barcode Date last seen Price effective from Koha item type Date last checked out
          MRSPTU Central Library MRSPTU Central Library 11/01/2043 Krishna Book Distributors 275.00 KBD/2017-2018/1020043059   517.4 GU-C 40205 08/17/2023 08/17/2023 Book  
          MRSPTU Central Library MRSPTU Central Library 11/01/2043 Krishna Book Distributors 275.00 KBD/2017-2018/1020043059   517.4 GU-C 40206 08/17/2023 08/17/2023 Book  
          MRSPTU Central Library MRSPTU Central Library 11/01/2043 Krishna Book Distributors 275.00 KBD/2017-2018/1020043059 2 517.4 GU-C 40207 11/21/2025 08/17/2023 Book 10/28/2025
          MRSPTU Central Library MRSPTU Central Library 11/01/2043 Krishna Book Distributors 275.00 KBD/2017-2018/1020043059   517.4 GU-C 40208 08/17/2023 08/17/2023 Book  
          MRSPTU Central Library MRSPTU Central Library 11/01/2043 Krishna Book Distributors 275.00 KBD/2017-2018/1020043059   517.4 GU-C 40209 08/17/2023 08/17/2023 Book  

Website Designed and Developed by MRSPTU Central Library Team

E-mail Id: librarian@mrsptu.ac.in